000 00431nam a22001817a 4500
003 MPLRDC
005 20220104144438.0
008 210129b ||||| |||| 00| 0 eng d
082 _a524.921 CQ 1984
100 _a不详
245 _a中华文学史问题解答
_c
250 _a初版
260 _a
_b长青贸易公司
_c
300 _b
490 _a长青进修丛书; 11
650 _a
942 _cBK
_o524.921 CQ 1984
999 _c49694
_d49684